000 00577 a2200193 4500
001 61419
005 20260407155904.0
008 260407a1979 arg spa d
003 AR-UNSa-BCEJYS
040 _aAR-UNSa-BCEJYS
_bspa
_cAR-UNSa-BCEJYS
080 _a347.91
_xProcedimientos civiles particulares (Derecho Procesal Civil)
245 1 0 _aProhibición de innovar como medida cautelar
264 1 _aBuenos Aires :
_bAstrea
_c1979
300 _a139 p.
_c20 cm.
041 _aspa
942 _cBK
590 _aniveau_biblio:m niveau_hierar:0
100 1 _aReimundìn, Ricardo
999 _c7299
_d7299